Summer Olympics: Host Cities - Statistics

General Stats
  • This quiz has been taken 113 times
    111 since last reset
  • The average score is 25 of 29
Answer Stats
Date Hosted City % Correct
1908 London
100%
1948 London
100%
2012 London
100%
1964 Tokyo
99%
2020 (Moved to 2021) Tokyo
99%
2008 Beijing
96%
1932 Los Angeles
96%
1984 Los Angeles
96%
1900 Paris
96%
1924 Paris
96%
1896 Athens
95%
2004 Athens
95%
2000 Sydney
95%
1936 Berlin
93%
2016 Rio de Janeiro
93%
1980 Moscow
91%
1992 Barcelona
90%
1960 Rome
89%
1968 Mexico City
87%
1996 Atlanta
86%
1972 Munich
86%
1988 Seoul
84%
1928 Amsterdam
74%
1956 Melbourne
74%
1912 Stockholm
74%
1976 Montreal
72%
1952 Helsinki
71%
1904 St. Louis
63%
1920 Antwerp
60%
No matching quizzes found
Score Distribution
Percent of People with Each Score
Percentile by Number Answered
Your Score History
You have not taken this quiz since the last reset